000 00579nam a22002057b 4500
001 bimo0001819214
003 CO-ViMGA
005 20230915225029.0
008 021031s2002 sp | ||| ||spa
020 _a842613243X
040 _aCO-ViMGA
_bspa
_cCO-ViMGA
041 1 _hger
090 _aA
_bS96d
100 1 _aSwoboda, Annette
_91128
245 1 0 _aDudú se viste
_h[Texto impreso]
_cAnnette Swoboda ; [traduccin̤ de Christiane Reyes]
260 _aBarcelona
_bJuventud
_c[2002]
300 _a[8] p.
_bil. col.
_c15 cm
650 1 4 _aLibro Albúm
_9224
942 _2ddc
_cBK
999 _c12211
_d12211